000 00656nam a2200241 i 4500
001 C2-0218843
003 PPAK
005 20180728111134.0
008 990815s1993 my a|||| ||||| | may d
020 _a9766524123
040 _aPPAK
_beng
_cPPAK
_erda
082 0 4 _a902
_2 23
090 0 0 _a902
_bABD
_dKK
100 0 _aAbdullah Azmi Abdul Khalid,
_eauthor
245 1 0 _aAtlas sejarah Malaysia dan dunia
264 1 _aKuala Lumpur :
_bFajar Bakti ,
_c1993
300 _a75 pages :
_billustrations ;
_c28 cm
336 _2rdacontent
_atext
337 _2rdamedia
_aunmediated
338 _2rdacarrier
_avolume
700 _eauthor
942 _ddc
_cB
999 _c161545
_d161545